| 000 | 00548nam a22001937a 4500 | ||
|---|---|---|---|
| 999 |
_c17614 _d17614 |
||
| 003 | AR-CdUCM | ||
| 008 | 190509b ||||| |||| 00| 0 spa d | ||
| 040 |
_aMUNICIPALIDAD PROVINCIAL DEL CUSCO _cBIBLIOTECA MUNICIPAL DEL CUSCO |
||
| 082 |
_a869.56 / / _bH41 |
||
| 100 |
_aHeraud, Javier _92783 |
||
| 245 | _aPoesias completas y cartas / | ||
| 260 |
_aLima : _bPeisa, _c1963. |
||
| 300 |
_a248 paginas ; _c17 cm. |
||
| 500 | _aPoesias | ||
| 650 |
_aPoesias _92556 |
||
| 650 |
_aLiteratura _983 |
||
| 942 |
_2ddc _cLIBROS |
||
| 945 |
_apjha _d2019-05-09 |
||